| 000 | 00702nam a2200253Ia 4500 | ||
|---|---|---|---|
| 001 | Para_9173 | ||
| 003 | CHAP | ||
| 008 | a0002004004 0000000000 00 | ||
| 008 | 220125s2004 xx 000 0 und d | ||
| 010 | _a209202 | ||
| 040 | _cCHAP | ||
| 090 | _aCD 14 | ||
| 110 |
_aAmerican Phytopathological Society _95265 |
||
| 245 |
_aOrnamental palm diseases and disorders / _c by APS |
||
| 260 |
_aSt. Paul, Minn. : _b APS Press |
||
| 650 |
_aPalmas _x enfermedades _984975 |
||
| 901 | _aCD 14 | ||
| 902 | _aM | ||
| 905 | _a0000012004 0000000000 00 | ||
| 910 | _a2004 | ||
| 942 | _cPARA | ||
| 942 |
_cPARA _d5 |
||
| 999 |
_c209202 _d209202 |
||